La vida impropia : anonimato y singularidad /
Zapisane w:
| 1. autor: | |
|---|---|
| Format: | Elektroniczne E-book |
| Język: | hiszpański |
| Wydane: |
Villa María, Córdoba, Argentina :
Eduvim,
2022.
|
| Seria: | Colección Poliedros. Serie Zona de crítica.
|
| Hasła przedmiotowe: | |
| Dostęp online: | Digitalia Hispánica |
| Etykiety: |
Dodaj etykietę
Nie ma etykietki, Dołącz pierwszą etykiete!
|
MARC
| LEADER | 00000nam a2200000Ii 4500 | ||
|---|---|---|---|
| 001 | DIGEDUV0283 | ||
| 003 | NyNyDIG | ||
| 006 | m o d | ||
| 007 | cr ||||||||||| | ||
| 008 | 240901s2022 ag a ob 000 0 spa d | ||
| 035 | |a (OCoLC)1454785885 | ||
| 040 | |a DGITA |b eng |e rda |e pn |c DGITA | ||
| 020 | |a 9789876997775 |q eBook | ||
| 020 | |z 9789876997638 | ||
| 043 | |a cl----- | ||
| 050 | 1 | 4 | |a PN695 ebook |
| 100 | 1 | |a Garramuño, Florencia, |d 1964- |e author. | |
| 245 | 1 | 3 | |a La vida impropia : |b anonimato y singularidad / |c Florencia Garramuño. |
| 264 | 1 | |a Villa María, Córdoba, Argentina : |b Eduvim, |c 2022. | |
| 300 | |a 1 online resource : |b illustrations. | ||
| 336 | |a text |b txt |2 rdacontent | ||
| 337 | |a computer |b c |2 rdamedia | ||
| 338 | |a online resource |b cr |2 rdacarrier | ||
| 347 | |a text file |2 rdaft | ||
| 347 | |b EPUB | ||
| 490 | 1 | |a Serie Zona de crítica | |
| 504 | |a Includes bibliographical references. | ||
| 588 | 0 | |a Online resource; title from ePub title page (Digitalia, viewed September 1, 2024) | |
| 650 | 0 | |a Literature, Modern |z Latin America. | |
| 650 | 0 | |a Documentary mass media and the arts. | |
| 776 | 0 | 8 | |i Print version: |a Garramuño, Florencia, 1964- |t Vida impropia. |d Villa María, Córdoba, Argentina : Eduvim, 2022 |z 9789876997638 |
| 791 | 2 | |a Digitalia (Firm), |e distributor. | |
| 793 | 0 | |g Digitalia eBook Collection: |a Ediciones Eduvim | |
| 830 | 0 | |a Colección Poliedros. |p Serie Zona de crítica. | |
| 856 | 4 | 0 | |3 Digitalia Hispánica |u https://digitalia.unach.elogim.com/a/158296/ |
| 910 | |a Premium collection: 2024 | ||